| 000 | 00757na a2200241 4500 | ||
|---|---|---|---|
| 001 | 14465 | ||
| 003 | MIRAKIL | ||
| 005 | 20181213154913.0 | ||
| 008 | 160828b tu 000 0 | ||
| 020 | _a9758176102 | ||
| 040 |
_aMilas _btur _cTR-AnCHP |
||
| 082 |
_aDAN 423.94335 _bR32 2004 |
||
| 090 | _aDAN 423.94335 R32 2004 | ||
| 240 | _aRedhouse | ||
| 245 |
_aİngilizce-Türkçe Redhouse sözlüğü _b= The Redhouse English - Turkish dictionary |
||
| 246 | _aRedhouse English - Turkish dictionary | ||
| 250 | _a37. bs. | ||
| 260 |
_aİstanbul _bSev Matbaacılık ve Yayıncılık _c2004 |
||
| 300 |
_aviii, 1152 s. _c25 sm. |
||
| 650 |
_aTürk dili _xSözlükler _yİngilizce |
||
| 650 |
_aİngiliz dili _xSözlükler _yTürkçe |
||
| 942 |
_2ddc _cBKS |
||
| 999 |
_c2907 _d2907 |
||